| 000 | 00396nam a2200169 4500 | ||
|---|---|---|---|
| 001 | 45286 | ||
| 090 | _a45286 | ||
| 100 | _a20251210 pory50 | ||
| 101 | _apor | ||
| 102 | _aBR | ||
| 200 |
_aDesenvolve a tua Memória _fJohn S. Ramos |
||
| 210 |
_aRio de Janeiro _cEdições de Ouro _d[19--?] |
||
| 215 | _a124 p. | ||
| 225 | _aSelo de Ouro | ||
| 675 | _a159.953 | ||
| 801 |
_aPT _gRPC |
||
| 990 | _cLIVROS | ||